Statistics for 第1回WBCメンバー

Click here to take the quiz!

General Stats

  • This quiz has been taken 144 times
  • The average score is 16 of 31

Answer Stats

ポジションチーム背番号答え% Correct
マリナーズ51イチロー
97%
捕手ロッテ22里崎智也
85%
ヤクルト23青木宣親
79%
広島25新井貴浩
71%
ロッテ7西岡剛
68%
中日27谷繁元信
68%
西武18松坂大輔
68%
中日17福留孝介
65%
ソフトバンク47杉内俊哉
65%
阪神24藤川球児
64%
ソフトバンク52川崎宗則
62%
巨人19上原浩治
58%
ソフトバンク3松中信彦
58%
ソフトバンク21和田毅
57%
内野手ヤクルト1岩村明憲
56%
ロッテ31渡辺俊介
54%
日ハム2小笠原道大
53%
外野手西武5和田一浩
49%
ヤクルト59相川亮二
47%
横浜6多村仁
47%
ロッテ8今江敏晃
45%
ヤクルト10宮本慎也
44%
横浜9金城龍彦
43%
投手ロッテ11清水直行
35%
ロッテ41小林宏之
32%
阪神15久保田智之
29%
ロッテ12藤田宗一
24%
ロッテ20薮田安彦
23%
ヤクルト61石井弘寿
21%
レンジャース40大塚晶則
19%
ソフトバンク61馬原孝浩
15%

Score Distribution

Percentile by Number Answered

Percent of People with Each Score

Your Score History

You have not taken this quiz